Statistics for Actresses by Last Name #1

Click here to take the quiz!

General Stats

  • This quiz has been taken 56,639 times
    (56,618 since last reset)
  • The average score is 18 of 28

Answer Stats

FirstLast% Correct
MerylStreep
95%
NataliePortman
93%
JessicaAlba
91%
MilaKunis
88%
CharlizeTheron
86%
EvaLongoria
85%
HilarySwank
82%
LucyLiu
81%
HelenMirren
80%
JudiDench
80%
SusanSarandon
79%
AmyPoehler
71%
DianeKeaton
69%
MollyRingwald
62%
HaydenPanettiere
60%
ZoeSaldana
57%
LaurenBacall
55%
IngridBergman
54%
JuliaLouis-Dreyfus
54%
SissySpacek
53%
KaleyCuoco
52%
TildaSwinton
52%
WhoopiGoldberg
49%
VanessaRedgrave
48%
ElizaDushku
37%
WandaSykes
37%
EdieFalco
32%
ElishaCuthbert
31%

Score Distribution

Percentile by Number Answered

Percent of People with Each Score

Your Score History

You have not taken this quiz since the last reset